[Event "ITT"]
[Site "Villa Martelli ARG"]
[Date "2006.07.29"]
[Round "6"]
[White "Zuriel,M"]
[Black "Duarte,L"]
[Result "0-1"]
[WhiteElo "2186"]
[BlackElo "2390"]

1.e4 c5 2.Nf3 e6 3.d4 cxd4 4.Nxd4 Nc6 5.Nc3 Qc7 6.Be3 a6 7.Bd3 b5 8.Nxc6 Qxc6
9.O-O Bb7 10.Bd4 Nf6 11.Re1 Be7 12.a3 O-O 13.f4 Bc5 14.Bxc5 Qxc5+ 15.Kh1 e5
16.Qf3 d6 17.Rad1 exf4 18.Qxf4 Nd7 19.Ne2 Ne5 20.Ng3 Ng6 21.Qg4 Qe5 22.c3 Rae8
23.h3 d5 24.exd5 Qxe1+ 25.Rxe1 Rxe1+ 26.Kh2 Bxd5 27.Qd4 Ba8 28.Nf5 Ne5 29.a4 g6
30.Nh6+ Kg7 31.Ng4 f6 32.Nxe5 fxe5 33.Qa7+ Kh6 34.Qe7 Rf4 35.axb5 axb5 36.Bxb5 Be4
37.b3 Re3 38.Bc4 Bf5 39.Bg8 g5 40.Qf8+ Kg6 41.Bf7+ Kf6 42.Bh5+ Ke6 43.Bf7+ Kf6  0-1

[Event "GM"]
[Site "Biel SUI"]
[Date "2006.07.30"]
[Round "6"]
[White "Carlsen,M"]
[Black "Pelletier,Y"]
[Result "1/2-1/2"]
[WhiteElo "2675"]
[BlackElo "2583"]

1.e4 c5 2.Nf3 e6 3.Nc3 Nc6 4.d4 cxd4 5.Nxd4 Qc7 6.g3 a6 7.Bg2 Nf6 8.O-O Nxd4
9.Qxd4 Bc5 10.Bf4 d6 11.Qd2 h6 12.Rad1 e5 13.Be3 Be6 14.Bxc5 dxc5 15.Nd5 Bxd5
16.exd5 Qd6 17.f4 O-O 18.fxe5 Qxe5 19.d6 Qxb2 20.c4 Qxd2 21.Rxd2 Rab8 22.a4 Rfd8
23.Re1 Kf8 24.Re5 Nd7 25.Re4 f6 26.Rb2 Re8 27.Rxe8+ Kxe8 28.Bd5 b6 29.Kg2 Ne5
30.Be6 a5 31.Rb1 Kf8 32.Bd5 Ke8 33.Be6 Nc6 34.Bf5 Kf8 35.Be4 Ne5 36.Bd5 Ke8
37.Be6 Nc6 38.Bf5 Ne5  1/2-1/2

[Event "Politiken Cup"]
[Site "Copenhagen DEN"]
[Date "2006.07.30"]
[Round "9"]
[White "Hansen,ReR"]
[Black "Petersen,Nil"]
[Result "1-0"]
[WhiteElo "2096"]
[BlackElo "2007"]

1.e4 c5 2.Ne2 Nc6 3.d4 cxd4 4.Nxd4 e6 5.Nc3 a6 6.Bc4 Qc7 7.Bb3 Nf6 8.a3 Nxd4
9.Qxd4 Bc5 10.Qd3 O-O 11.O-O b5 12.h3 Bb7 13.Bg5 Be7 14.Rad1 Rad8 15.f4 h6
16.Bh4 d5 17.e5 Ne4 18.Bxe7 Nxc3 19.Bxf8 Nxd1 20.Bxg7 Qc5+ 21.Kh2 Ne3 22.Re1 Nf5
23.Bf6 Rc8 24.Re2 d4 25.Re1 Qc6 26.Rg1 Qe4 27.Qxe4 Bxe4 28.g4 Ne3 29.g5 h5
30.g6 Rxc2+ 31.Bxc2 Bxc2 32.gxf7+ Kxf7 33.Rg7+ Kf8 34.Rd7 Nd5 35.Bh4 d3 36.Be1 Nxf4
37.Kg3 Ng6 38.Bc3 Ke8 39.Rd6 Ke7 40.Kf2 a5 41.Ke3 a4 42.Rb6 Kd7 43.Rxb5 Kc6
44.Ra5 Kb6 45.Ra8 Ne7 46.Re8 Nd5+ 47.Kd2 Nf4 48.Bd4+ Kc6 49.Be3 Kd7 50.Rg8 Nd5
51.Rh8 Ne7 52.Rh7 Ke8 53.Rxh5 Nc6 54.Bb6 Kf7 55.Rg5 Ne7 56.h4 Nf5 57.h5 Nh4
58.Rg3 Nf5 59.Rg6 Nh4 60.Rf6+ Kg7 61.Bf2 Nf5 62.Rxe6 Bb3 63.Rf6 Ne7 64.h6+ Kh7
65.Be3 Ng6 66.e6 Bc4 67.Rf7+ Kh8 68.Bd4+  1-0

[Event "15th Open A"]
[Site "Vienna AUT"]
[Date "2006.07.30"]
[Round "2"]
[White "Brandner,S"]
[Black "Maly,M"]
[Result "1/2-1/2"]
[WhiteElo "2341"]
[BlackElo "2153"]

1.e4 c5 2.Nf3 Nc6 3.Nc3 e6 4.d4 cxd4 5.Nxd4 a6 6.Be2 Nge7 7.Be3 b5 8.O-O Nxd4
9.Qxd4 Nc6 10.Qd2 Qc7 11.Rad1 Ne5 12.f4 Nc4 13.Bxc4 Qxc4 14.f5 Be7 15.e5 Qc6
16.Rf4 Bb7 17.Ne4 exf5 18.Nd6+ Bxd6 19.exd6 O-O 20.Rxf5 Rae8 21.Rg5 Re6 22.Qd4 f6
23.Rg3 Re4 24.Qd2 Rfe8 25.Bd4 Qd5 26.Bxf6 Re1+ 27.Qxe1 Rxe1+ 28.Rxe1 Qc5+
29.Kh1 Qf2 30.Bc3 g6 31.Rg4 b4 32.Bxb4 h5 33.Rxg6+ Kh7 34.Rg5 Kh6 35.Rg8 Kh7
36.Rg5 Kh6 37.Rg8 Kh7 38.Rg5 Qf4 39.Ra1  1/2-1/2

[Event "GM"]
[Site "Biel SUI"]
[Date "2006.07.31"]
[Round "7"]
[White "Radjabov,T"]
[Black "Pelletier,Y"]
[Result "1/2-1/2"]
[WhiteElo "2728"]
[BlackElo "2583"]

1.e4 c5 2.Nf3 e6 3.d4 cxd4 4.Nxd4 Nc6 5.Nc3 Qc7 6.f4 Nxd4 7.Qxd4 a6 8.Be3 b5
9.O-O-O Bb7 10.Bd3 Rc8 11.Kb1 Qc5 12.Qxc5 Bxc5 13.Bxc5 Rxc5 14.e5 f5 15.a4 Bxg2
16.Rhg1 Bc6 17.axb5 axb5 18.Rxg7 Ne7 19.Rg3 Ng6 20.Ne2 b4 21.Rdg1 Kf7 22.Rh3 Ra5
23.Rg5 h6 24.Rgh5 Bg2 25.Rg3 Bf1 26.Bxf5 exf5 27.Rxf5+ Ke7 28.Rxg6 Bxe2 29.Rg7+ Kd8
30.b3 Rd5 31.Rff7 Re8 32.Rf6 Re6 33.Rf8+ Kc7 34.Ra8 Ra6 35.Rxa6 Bxa6 36.e6 Kd8
37.Rg6 Rd6 38.f5 dxe6 39.Rxh6 Ke7 40.Rxe6+ Rxe6 41.fxe6 Kxe6  1/2-1/2

[Event "Dutch Open"]
[Site "Dieren NED"]
[Date "2006.07.31"]
[Round "6"]
[White "De Jong,M"]
[Black "Van der Elburg,F"]
[Result "1/2-1/2"]
[WhiteElo "2241"]
[BlackElo "2348"]

1.e4 c5 2.Nf3 e6 3.d4 cxd4 4.Nxd4 Nc6 5.Nc3 Qc7 6.g3 a6 7.Bg2 d6 8.O-O Bd7
9.Nxc6 Bxc6 10.Re1 Be7 11.Qg4 h5 12.Qe2 h4 13.a4 hxg3 14.hxg3 Kf8 15.Be3 Nf6
16.a5 Re8 17.Bb6 Qc8 18.Rad1 Nd7 19.Bd4 Qc7 20.b4 e5 21.Be3 g6 22.Qc4 Rc8
23.Rd2 Kg7 24.Nd5 Bxd5 25.Qxd5 Nf6 26.Qd3  1/2-1/2

[Event "35th TCh-GRE"]
[Site "Ermioni GRE"]
[Date "2006.07.??"]
[Round "8"]
[White "Paganoglou,A"]
[Black "Hatziathanasiou,S"]
[Result "1-0"]
[WhiteElo "1935"]
[BlackElo "1701"]

1.e4 c5 2.Nf3 e6 3.Nc3 Nc6 4.d4 cxd4 5.Nxd4 Nf6 6.Ndb5 Bb4 7.a3 Bxc3+ 8.Nxc3 O-O
9.Bd3 d5 10.exd5 exd5 11.O-O Be6 12.Qf3 Ne5 13.Qg3 Nxd3 14.Qxd3 Rc8 15.Be3 a6
16.Rad1 Qc7 17.Bd4 Ng4 18.f4 Rfd8 19.Qg3 f5 20.Rfe1 Qf7 21.Qh4 Rf8 22.Re2 Rce8
23.Bc5 Nf6 24.Bxf8 Qxf8 25.Qf2 Ne4 26.Qb6 Bf7 27.Re3 Qe7 28.Nxd5 Bxd5 29.Rxd5 Qh4
30.g3 Qe7 31.Re5 Qf7 32.Rxe8+ Qxe8 33.Qxb7 h6 34.Qd5+ Qf7 35.Qxf7+ Kxf7 36.Rxe4  1-0

[Event "35th TCh-GRE"]
[Site "Ermioni GRE"]
[Date "2006.07.??"]
[Round "8"]
[White "Markantonaki,H"]
[Black "Botsari,A"]
[Result "1-0"]
[WhiteElo "2166"]
[BlackElo "2372"]

1.e4 c5 2.Nf3 e6 3.d4 cxd4 4.Nxd4 Nc6 5.Nc3 a6 6.Be3 Nf6 7.Bd3 Qc7 8.O-O h5
9.h3 b5 10.Nxc6 Qxc6 11.Be2 Qc7 12.Bf3 Rb8 13.Bd4 Bd6 14.Re1 Bh2+ 15.Kh1 Be5
16.Nd5 exd5 17.Bxe5 d6 18.Bxd6 Qxd6 19.e5 Qb6 20.exf6+ Kf8 21.fxg7+ Kxg7
22.Qxd5 Rh6 23.Qe5+ Rf6 24.Re4 Qa7 25.Bxh5 Rb6 26.Qg3+ Kf8 27.Rd1 Be6 28.Rd8+ Ke7
29.Qg8 Rxf2 30.Re8+ Kd7 31.Rd4+ Kc6 32.Bf3+ Rxf3 33.gxf3 Qc7 34.Qg5 Rb7 35.b4 Kb6
36.Qe3 Ka7 37.Rdd8+ Rb6 38.Ra8+ Kb7 39.Reb8+ Kc6 40.Qc5+  1-0

[Event "MTO Open"]
[Site "Biel SUI"]
[Date "2006.08.01"]
[Round "8"]
[White "Arizmendi Martinez,J"]
[Black "Karasik,E"]
[Result "1-0"]
[WhiteElo "2542"]
[BlackElo "2289"]

1.e4 c5 2.Nf3 e6 3.Nc3 Nc6 4.d4 cxd4 5.Nxd4 Nf6 6.a3 d6 7.Be2 Be7 8.O-O O-O
9.Be3 Bd7 10.Nb3 Rc8 11.f4 Qc7 12.Bd3 Rfd8 13.Qf3 Be8 14.Qh3 g6 15.Nb5 Qb8
16.f5 exf5 17.exf5 a6 18.fxg6 fxg6 19.Bg5 axb5 20.Bxf6 Qc7 21.Bc3 Qd7 22.Qxd7 Bxd7
23.Bxb5 d5 24.Rae1 Bf8 25.Bf6 Re8 26.c3 Rxe1 27.Rxe1 Bf5 28.Bh4 Na7 29.Bf1 Nc6
30.Bb5 Bh6 31.Bf2 Be4 32.Nc5 Na7 33.Bd7 Rc7 34.Be6+ Kf8 35.Nxe4 dxe4 36.Bxa7 b6
37.Bb8  1-0

[Event "MTO Open"]
[Site "Biel SUI"]
[Date "2006.08.01"]
[Round "8"]
[White "Kritz,L"]
[Black "Kobalia,M"]
[Result "1-0"]
[WhiteElo "2578"]
[BlackElo "2647"]

1.e4 c5 2.Nf3 e6 3.d4 cxd4 4.Nxd4 Nc6 5.Nc3 a6 6.Nxc6 bxc6 7.Bd3 d5 8.O-O Nf6
9.Qe2 Be7 10.Na4 O-O 11.c4 Bb7 12.e5 Nd7 13.Bf4 a5 14.cxd5 cxd5 15.Rac1 Rb8
16.Rc2 Ba8 17.Bd2 Bb4 18.f4 Bxd2 19.Qxd2 Rb4 20.b3 f6 21.exf6 Qxf6 22.g3 Qd4+
23.Rf2 Kh8 24.Qc3 Nf6 25.Qxd4 Rxd4 26.Nc5 Re8 27.Rfe2 Kg8 28.Rcd2 Rb4 29.Nxe6 a4
30.Nc5 Rxe2 31.Rxe2 axb3 32.axb3 d4 33.Na6 Rb7 34.Bc4+ Kh8 35.g4 Ra7 36.Re5 Bc6
37.g5 Nh5 38.b4 Ra8 39.b5 Bf3 40.Kf2 Bh1 41.Re1 Rc8 42.Rxh1 Rxc4 43.b6 Rc2+
44.Kf3 Rb2 45.Rc1 Kg8 46.Rc8+ Kf7 47.Rc7+ Ke6 48.b7 Kd6 49.Ke4 Rb1 50.f5  1-0

[Event "Copa Mercosur"]
[Site "Villa Martelli ARG"]
[Date "2006.08.01"]
[Round "9"]
[White "Rojas Keim,L"]
[Black "Needleman,G"]
[Result "1/2-1/2"]
[WhiteElo "2357"]
[BlackElo "2435"]

1.e4 c5 2.Nf3 e6 3.d4 cxd4 4.Nxd4 Nc6 5.Nc3 Qc7 6.Be3 a6 7.Qd2 Nf6 8.O-O-O Be7
9.f3 O-O 10.g4 b5 11.g5 Ne8 12.h4 Bb7 13.Kb1 Nxd4 14.Bxd4 Rc8 15.Bd3 Nd6
16.h5 b4 17.Ne2 Nc4 18.Bxc4 Qxc4 19.Rdg1 f5 20.gxf6 Bxf6 21.h6 g6 22.Bxf6 Rxf6
23.Nd4 Kh8 24.Rd1 e5 25.Qg5 Qf7 26.Qxe5 d5 27.Nb3 Kg8 28.exd5 Rf5 29.Qd4 Bxd5
30.Rhe1 Bxf3 31.Rd2 a5 32.Qb6 Bd5 33.Nxa5 Bxa2+ 34.Kc1 Qc7 35.Qb7 Rc5 36.Ree2 b3
37.Qe4 Qf7 38.Rf2 Rxc2+ 39.Rxc2 Rxc2+ 40.Qxc2 bxc2 41.Rxf7 Kxf7 42.Kxc2 Bd5
43.Kd3 g5 44.b4 Kg6 45.b5 Kxh6 46.b6 Kh5 47.Ke3 Kh4 48.Kf2 Kh3 49.Kg1 h5  1/2-1/2

[Event "MTO Open"]
[Site "Biel SUI"]
[Date "2006.08.02"]
[Round "9"]
[White "Gaponenko,I"]
[Black "Kamber,B"]
[Result "1/2-1/2"]
[WhiteElo "2458"]
[BlackElo "2328"]

1.e4 c5 2.Nf3 e6 3.d4 cxd4 4.Nxd4 Nc6 5.Nc3 Qc7 6.Be3 a6 7.Qd2 Nf6 8.O-O-O Bb4
9.f3 Ne7 10.Nde2 d5 11.Bg5 dxe4 12.Bxf6 gxf6 13.Qd4 Bxc3 14.Nxc3 e5 15.Qxe4 f5
16.Qh4 Be6 17.Qa4+ Kf8 18.Qh4 Rc8 19.Qh6+ Ke8 20.Bd3 Qa5 21.Rhe1 Rg8 22.g4 Rxc3
23.bxc3 Nd5 24.Qxh7 Qa3+ 25.Kd2 Qxc3+ 26.Ke2 Nf6 27.Qh4 e4 28.Kf1 exd3 29.Rxd3 Qxc2
30.Rd4 Qc3 31.Qxf6 Qxf3+ 32.Kg1 Rxg4+ 33.Rxg4 Qxg4+ 34.Kf2 Kd7 35.Re2 Qf4+
36.Kg1 Qc1+ 37.Kf2 Qf4+ 38.Kg1 Qc1+ 39.Kf2 Qf4+ 40.Ke1  1/2-1/2

[Event "VIII Open"]
[Site "Sants ESP"]
[Date "2006.08.02"]
[Round "9"]
[White "Cuartas,Ja"]
[Black "Leitao,R"]
[Result "1/2-1/2"]
[WhiteElo "2466"]
[BlackElo "2598"]

1.e4 c5 2.Nf3 Nc6 3.d4 cxd4 4.Nxd4 e6 5.Nc3 a6 6.g3 d6 7.Bg2 Bd7 8.O-O Nf6
9.a4 Be7 10.Re1 O-O 11.h3 Rc8 12.Nde2 h6 13.Nf4 Ne5 14.Nd3 b5 15.Nxe5 dxe5
16.axb5 axb5 17.Be3 Bc6 18.Qxd8 Rfxd8 19.f3 Be8 20.Rac1 b4 21.Nb1 Nh5 22.Kh2 f5
23.c3 bxc3 24.Rxc3 f4 25.gxf4 Nxf4 26.Rxc8 Rxc8 27.Rc1 Rb8 28.Rc2 Bg5 29.Nd2 Nxg2
30.Bxg5 Ne1 31.Rc1 Nd3 32.Rc3 Nxb2 33.Bh4 Na4 34.Rc2 Rb2 35.Rxb2 Nxb2 36.Bg3 Nd3
37.Nc4 Bh5 38.Kg2 Nf4+ 39.Kh2 Nd3 40.Kg2 Nf4+ 41.Kh2  1/2-1/2

[Event "15th Open A"]
[Site "Vienna AUT"]
[Date "2006.08.02"]
[Round "5"]
[White "Lujan,C"]
[Black "Wolloner,T"]
[Result "1-0"]
[WhiteElo "2380"]
[BlackElo "2154"]

1.e4 c5 2.Nf3 e6 3.d4 cxd4 4.Nxd4 Nc6 5.Nc3 Qc7 6.g3 a6 7.Bg2 d6 8.O-O Bd7
9.a4 Nxd4 10.Qxd4 Ne7 11.Bg5 Nc6 12.Qd1 h6 13.Be3 Be7 14.f4 Bf6 15.Kh1 Rc8
16.Qe2 Bxc3 17.bxc3 Na5 18.Bd4 O-O 19.Qh5 f6 20.f5 e5 21.Be3 Be8 22.Qg4 Kh7
23.Qe2 Bf7 24.Rfd1 Nc4 25.Bc1 Qc6 26.g4 Rfd8 27.h4 Rh8 28.Rd3 Kg8 29.Rb1 Rc7
30.Rb4 Kf8 31.Be3 Ke7 32.a5 Rd7 33.Bf2 Rc8 34.g5 hxg5 35.hxg5 Nxa5 36.Rb6 Qc7
37.Rh3 Nc4 38.Rb1 Rdd8 39.Bh4 b5 40.Qg4 Rg8 41.g6 Be8 42.Bxf6+ Kd7 43.Bxg7 Rxg7
44.f6+ Kc6 45.Qxc8  1-0

[Event "15th Open A"]
[Site "Vienna AUT"]
[Date "2006.08.03"]
[Round "6"]
[White "Srienz,C"]
[Black "Pichler,A"]
[Result "1-0"]
[WhiteElo "2261"]
[BlackElo "2072"]

1.e4 c5 2.Nc3 Nc6 3.Nf3 e6 4.d4 cxd4 5.Nxd4 a6 6.Be2 Nf6 7.Nxc6 bxc6 8.e5 Nd5
9.Ne4 Qc7 10.Nd6+ Bxd6 11.exd6 Qb6 12.c4 Nf6 13.O-O O-O 14.Be3 c5 15.b4 Qxb4
16.Rb1 Qa5 17.Bf3 Ra7 18.Qc2 e5 19.Qf5 Re8 20.Rb8 e4 21.Bxe4 Nxe4 22.Qxe4 Rf8
23.Qd5 h6 24.Rfb1 Re8 25.h3 Kh7 26.Qf5+ Kg8 27.Qxc5  1-0

[Event "XXI Rapid Open"]
[Site "Villarrobledo ESP"]
[Date "2006.08.05"]
[Round "5"]
[White "Perez,Lu"]
[Black "Ivanisevic,I"]
[Result "1/2-1/2"]
[WhiteElo "2414"]
[BlackElo "2596"]

1.e4 c5 2.Nf3 e6 3.d4 cxd4 4.Nxd4 Nc6 5.Nc3 Qc7 6.Be3 a6 7.Qd2 Nf6 8.O-O-O Bb4
9.f3 Ne5 10.Nb3 b5 11.Qe1 Be7 12.f4 Ng6 13.e5 Ng4 14.Bd4 Bb7 15.h3 Nh6 16.Qf2 Rc8
17.Bd3 O-O 18.Rhf1 Nf5 19.Bb6 Qb8 20.Bxf5 exf5 21.Rxd7 Bc6 22.Rdd1 Qa8 23.g4 b4
24.Ne2 Bh4 25.Qe3 Be4 26.Nc5 Qc6 27.Rd6 Qb5 28.Nxe4 fxe4 29.Kb1 Be7 30.Rd2 Nh4
31.Rc1 f5 32.exf6 Bxf6 33.Bd4 Nf3 34.Rdd1 Nxd4 35.Nxd4 Qc5 36.Qxe4 Rfe8 37.Qd3 Rcd8
38.Qb3+ Qd5 39.Nc6 Qxb3 40.axb3 Rxd1 41.Rxd1 Re4 42.g5 Be7 43.Rd4 Rxd4 44.Nxd4 Kf7
45.Kc1 Bd6 46.Ne2 Kg6 47.Kd2 Kh5 48.Ng3+ Kg6 49.Ke3 Kf7 50.Ke4 Ke6 51.f5+ Kd7
52.Ne2 Be7 53.h4 Kd6 54.Nd4 Kd7 55.Ne6 g6 56.Nd4 gxf5+ 57.Nxf5 Bd8 58.Kf4 Ke6
59.h5 Bc7+ 60.Ke4 Be5 61.g6 hxg6 62.hxg6 Bxb2 63.g7 Kf7 64.Kd5 Bc3 65.Kc6 Bd2
66.Kb6 Bc3 67.Kxa6 Bd2 68.Kb5 Be1 69.Kc4 Bd2 70.Nd6+ Kxg7 71.Ne4 Be1 72.Nc5 Kf6
73.Nd3 Bd2 74.Nxb4 Ke7 75.Nd3 Kd7 76.Kd5 Bc3 77.b4 Kc7 78.Kc5 Kb7 79.b5 Ba5
80.c4 Bb6+ 81.Kb4 Bd4 82.c5 Kc7 83.Kc4 Be3 84.b6+ Kb7 85.Kb5 Ka8 86.Nb4 Bf4
87.Nd5 Bg3 88.Kc6 Kb8 89.Nb4 Ka8 90.Kb5 Kb8 91.c6 Kc8 92.Nd5 Bd6 93.b7+ Kb8
94.Nf6 Ka7 95.Nd7 Bc7 96.Nc5 Bd6 97.Ne6 Be5 98.Nc5 Bd6 99.b8=Q+ Kxb8 100.Kb6 Ka8
101.c7 Bf8  1/2-1/2

[Event "Ave-Kontakt Cup"]
[Site "Olomouc CZE"]
[Date "2006.08.06"]
[Round "6"]
[White "Zvara,P"]
[Black "Firman,N"]
[Result "1-0"]
[WhiteElo "2404"]
[BlackElo "2499"]

1.e4 c5 2.Nf3 e6 3.d4 cxd4 4.Nxd4 Nc6 5.Nc3 a6 6.Nxc6 bxc6 7.Bd3 d5 8.O-O Nf6
9.Qe2 Be7 10.Rd1 Qc7 11.Na4 O-O 12.e5 Nd7 13.Bf4 c5 14.c4 d4 15.Be4 Bb7 16.Rd3 Bxe4
17.Qxe4 Rab8 18.b3 Qb7 19.Qxb7 Rxb7 20.Re1 Re8 21.Bc1 Bf8 22.f4 Rbb8 23.Kf2 f6
24.exf6 gxf6 25.Rg3+ Kh8 26.Ke2 e5 27.fxe5 fxe5 28.Kd1 e4 29.Bf4 Rbc8 30.Bg5 Bd6
31.Rg4 e3 32.Nb6 h5 33.Nxc8 Rxc8 34.Re4 Rf8 35.Re6 Bb8 36.Re7 Ne5 37.Bh6 Rf5
38.Bxe3 dxe3 39.Re8+ Kg7 40.Rxb8 Ng4  1-0

[Event "XXI Rapid Open"]
[Site "Villarrobledo ESP"]
[Date "2006.08.06"]
[Round "7"]
[White "Anand,V"]
[Black "Ivanisevic,I"]
[Result "1-0"]
[WhiteElo "2779"]
[BlackElo "2596"]

1.e4 c5 2.Nf3 e6 3.d4 cxd4 4.Nxd4 Nc6 5.Nc3 Qc7 6.Be3 a6 7.Qd2 Nf6 8.O-O-O Bb4
9.f3 Ne5 10.Nb3 b5 11.Kb1 Rb8 12.Bd4 O-O 13.Qg5 Ng6 14.Bxf6 gxf6 15.Qxf6 Be7
16.Qd4 b4 17.Ne2 a5 18.Qd2 d6 19.Nbd4 Bd7 20.f4 Rfc8 21.f5 Ne5 22.Nf4 Qb7
23.fxe6 fxe6 24.Nfxe6 Kh8 25.Nf4 Qxe4 26.Re1 Qb7 27.Bd3 b3 28.axb3 Bf8 29.Be4 Qa7
30.Nfe6 Bxe6 31.Nxe6 a4 32.Qe3 Qa5 33.Qh3 Qa7 34.Rhf1 axb3 35.cxb3 Qe7 36.Re2  1-0

[Event "XXI Rapid Open"]
[Site "Villarrobledo ESP"]
[Date "2006.08.06"]
[Round "9"]
[White "Moreno Carnero,J"]
[Black "Korneev,O"]
[Result "0-1"]
[WhiteElo "2509"]
[BlackElo "2638"]

1.e4 c5 2.Nf3 e6 3.d4 cxd4 4.Nxd4 Nc6 5.Nc3 Qc7 6.Be2 a6 7.O-O Nf6 8.Kh1 h5
9.Nxc6 bxc6 10.f4 d5 11.Bf3 Bb7 12.Qe2 Rd8 13.Bd2 Be7 14.Rae1 Kf8 15.b3 c5
16.e5 Ng4 17.Nd1 g6 18.Ne3 Nxe3 19.Bxe3 Kg7 20.c4 h4 21.Rc1 dxc4 22.Rxc4 h3
23.g3 Bxf3+ 24.Qxf3 Rd3 25.g4 Qd7 26.Qe4 Rxe3  0-1

[Event "HZ Open"]
[Site "Vlissingen NED"]
[Date "2006.08.06"]
[Round "3"]
[White "Iordachescu,V"]
[Black "Van Riemsdijk,H"]
[Result "1-0"]
[WhiteElo "2603"]
[BlackElo "2376"]

1.e4 c5 2.Nf3 e6 3.Nc3 Nc6 4.d4 cxd4 5.Nxd4 Nf6 6.Ndb5 Bb4 7.a3 Bxc3+ 8.Nxc3 d5
9.exd5 exd5 10.Bd3 O-O 11.O-O d4 12.Ne2 Bg4 13.f3 Bh5 14.Bg5 Qd6 15.Qd2 Nd5
16.Be4 h6 17.Bf4 Nxf4 18.Nxf4 Bg6 19.Nxg6 fxg6 20.Qd3 Kh8 21.Rad1 Rad8 22.Qb5 Rf7
23.Rf2 Qf6 24.Rfd2 Rfd7 25.Kh1 Ne7 26.Bxb7 Nf5 27.Be4 Ne3 28.Re1 Rd6 29.Qe2 Qg5
30.b3 Nd5 31.Qf2 Nc3 32.Bd3 Qf6 33.Bc4 Qf4 34.Rd3 g5 35.a4 Qf8 36.a5 Re8
37.Rd2 Rdd8 38.Rxe8 Qxe8 39.Rxd4 Nd1 40.Qe2  1-0

[Event "ch-Euro Senior"]
[Site "Davos SUI"]
[Date "2006.08.07"]
[Round "3"]
[White "Semasev,K"]
[Black "Stull,N"]
[Result "0-1"]
[WhiteElo "2257"]
[BlackElo "2129"]

1.e4 c5 2.Nf3 e6 3.d4 cxd4 4.Nxd4 Nc6 5.Nc3 Nf6 6.Ndb5 Bb4 7.a3 Bxc3+ 8.Nxc3 d5
9.exd5 exd5 10.Bd3 O-O 11.O-O Re8 12.Bg5 Be6 13.f4 Qb6+ 14.Kh1 Ne4 15.Bxe4 dxe4
16.Nxe4 Nd4 17.Nf6+ gxf6 18.Bxf6 Nf5 19.Qh5 Bd7 20.Qg5+ Kf8 21.Rf3 Re3 22.Rxe3 Qxe3
23.Be5 Qb6 24.Rd1 Qe6 25.Bc3 a5 26.Bxa5 Rxa5 27.Qd8+ Kg7 28.Qxa5 Bc6 29.Qe5+ Qxe5
30.fxe5 Bxg2+ 31.Kxg2 Ne3+ 32.Kf3 Nxd1 33.b3 Kg6 34.Ke2 Nc3+ 35.Kd3 Nb1 36.a4 Kf5
37.Kd4 Nd2 38.a5 Ke6 39.Kc5 Kd7 40.Kd5 h5 41.b4 Nf3 42.h3 Ng5 43.h4 Nf3 44.b5 Nxh4
45.c4 Nf5 46.c5 h4 47.a6 bxa6 48.bxa6 Ne7+ 49.Ke4 Kc6 50.Kf4 Nc8 51.Kg4 Kxc5
52.Kxh4 Kd5  0-1

[Event "17th Jozef Kochan Mem"]
[Site "Koszalin POL"]
[Date "2006.08.07"]
[Round "4"]
[White "Strzemiecki,Z"]
[Black "Kveinys,A"]
[Result "1/2-1/2"]
[WhiteElo "2366"]
[BlackElo "2546"]

1.e4 c5 2.Nf3 e6 3.d4 cxd4 4.Nxd4 Nc6 5.Nc3 Qc7 6.Be3 a6 7.Bd3 Nf6 8.O-O b5
9.f4 b4 10.Nb1 Bc5 11.Nf5 Qa7 12.Nd6+ Kf8 13.Bf2 Bxf2+ 14.Rxf2 Qd4 15.e5 Nxe5
16.fxe5 Ng4 17.Qf3 Qxf2+ 18.Qxf2 Nxf2 19.Kxf2 Ke7 20.Nd2 f6 21.N2c4 fxe5
22.Re1 a5 23.Rxe5  1/2-1/2

[Event "93rd ch-GBR"]
[Site "Swansea WLS"]
[Date "2006.08.07"]
[Round "1"]
[White "Greet,A"]
[Black "Sugden,J"]
[Result "1-0"]
[WhiteElo "2431"]
[BlackElo "2166"]

1.e4 c5 2.Nc3 Nc6 3.Nf3 e6 4.d4 cxd4 5.Nxd4 Qc7 6.Be3 a6 7.Bd3 b5 8.Nxc6 Qxc6
9.O-O Bb7 10.a4 b4 11.Ne2 Nf6 12.f3 Bc5 13.Qd2 Qb6 14.Bxc5 Qxc5+ 15.Kh1 O-O
16.a5 Bc6 17.Nc1 Rfb8 18.Nb3 Qe5 19.Ra2 d5 20.f4 Qh5 21.Nd4 Bb7 22.e5 Ne4
23.Qe1 Rc8 24.Bxe4 dxe4 25.Qxb4 Bd5 26.b3 Rab8 27.Qd2 Rd8 28.Qe3 Ba8 29.h3 Rd7
30.c3 Qh4 31.Rd2 Qd8 32.b4 Qc7 33.Rfd1 Bd5 34.Nb3 Qc4 35.Nc5 Re7 36.Rd4 Qb5
37.Nxe4 Qb7 38.Kh2 h6 39.Nf6+ gxf6 40.exf6 Rc7 41.Rxd5 exd5 42.Qg3+ Kf8 43.Re1  1-0

[Event "HZ Open"]
[Site "Vlissingen NED"]
[Date "2006.08.07"]
[Round "4"]
[White "Lukas,M"]
[Black "Grooten,H"]
[Result "0-1"]
[WhiteElo "2069"]
[BlackElo "2362"]

1.e4 c5 2.Nf3 e6 3.d4 cxd4 4.Nxd4 Nc6 5.Nc3 Qc7 6.g3 a6 7.Bg2 d6 8.O-O Bd7
9.Nde2 Nf6 10.h3 h5 11.a4 Be7 12.Bd2 b6 13.Bg5 Rb8 14.Nf4 g6 15.Qe2 Bc8 16.Rfd1 Ne5
17.Rd4 O-O 18.Rad1 Qc5 19.Bh6 Re8 20.Nb1 Bb7 21.c3 Kh7 22.b4 Qc6 23.Bg5 Red8
24.b5 axb5 25.axb5 Qc5 26.Kh1 Ned7 27.Bxf6 Nxf6 28.Rb4 h4 29.Nd3 Qc7 30.e5 Bxg2+
31.Kxg2 Nd5 32.exd6 Rxd6 33.Qf3 Kg7 34.Ne5 Bf6 35.Rc4 Qb7 36.Nc6 hxg3 37.fxg3 Ne3+
38.Qxe3 Rxd1 39.Nd2 Ra8 40.Ne4 Ra2+ 41.Kf3 Rf1+ 42.Kg4 Be7 43.Ng5 Qc8  0-1

[Event "HZ Open"]
[Site "Vlissingen NED"]
[Date "2006.08.07"]
[Round "4"]
[White "Van Riemsdijk,H"]
[Black "Meulblok,W"]
[Result "1-0"]
[WhiteElo "2376"]
[BlackElo "2081"]

1.e4 c5 2.Nf3 e6 3.d4 cxd4 4.Nxd4 Nc6 5.Nc3 a6 6.g3 Qc7 7.Bg2 Nf6 8.O-O Be7
9.Re1 O-O 10.Nxc6 dxc6 11.e5 Nd5 12.Ne4 Qxe5 13.c4 Nf6 14.Bg5 Qf5 15.h4 e5
16.Nd6 Qe6 17.Nxc8 Raxc8 18.Qb3 Bc5 19.Re2 Rc7 20.Rd1 Qf5 21.Be3 Bxe3 22.Qxe3 Re8
23.b3 Rce7 24.Qc5 g6 25.Rde1 Qg4 26.Rxe5 Rxe5 27.Rxe5 Rxe5 28.Qxe5 Qd1+ 29.Bf1 Qf3
30.Be2 Qe4 31.Qxf6 Qxe2 32.Qd8+ Kg7 33.Qd4+ Kg8 34.a3 a5 35.Kg2 h5 36.Qd8+ Kh7
37.Qxa5 Qe4+ 38.Kh2 Qd4 39.Qe1 Qb2 40.b4 Qa2 41.a4 Qxc4 42.Qe7 b6 43.a5 bxa5
44.bxa5 Kg8 45.Qa3 c5 46.a6 Qe2 47.Kg2 Qe4+ 48.Qf3  1-0

[Event "Open"]
[Site "Genova ITA"]
[Date "2006.08.08"]
[Round "2"]
[White "Vigano,M"]
[Black "Rodella,F"]
[Result "1-0"]
[WhiteElo "2165"]
[BlackElo "2072"]

1.e4 c5 2.Nf3 e6 3.d4 cxd4 4.Nxd4 Nc6 5.Nc3 a6 6.Be3 Qc7 7.Qd2 Nf6 8.f3 Be7
9.O-O-O d6 10.g4 b5 11.g5 Nd7 12.h4 Bb7 13.Kb1 Rc8 14.Rg1 Nce5 15.h5 g6 16.Qh2 b4
17.hxg6 Nxg6 18.Na4 Nc5 19.Nxc5 dxc5 20.Qxc7 Rxc7 21.Nb3 O-O 22.Na5 Bc8 23.Nc4 Rd8
24.Rxd8+ Bxd8 25.Nd6 Rd7 26.Nxc8 Rd1+ 27.Bc1 Bxg5 28.Rxg5 Rxf1 29.Ne7+ Kg7
30.Nxg6 fxg6 31.Rg3 h5 32.b3 Rh1 33.Kb2 h4 34.Rg4 e5 35.Be3 h3 36.Rh4 Kf6
37.f4 exf4 38.Bxf4 Rf1 39.Be3 Rf3 40.Bxc5 Kg5 41.Be7+  1-0

[Event "FSGM August"]
[Site "Budapest HUN"]
[Date "2006.08.10"]
[Round "6"]
[White "Ragger,M"]
[Black "Fogarasi,T"]
[Result "1/2-1/2"]
[WhiteElo "2456"]
[BlackElo "2435"]

1.e4 c5 2.Nf3 e6 3.d4 cxd4 4.Nxd4 Nc6 5.Nc3 Qc7 6.Be2 a6 7.O-O Nf6 8.Kh1 Be7
9.f4 d6 10.Be3 O-O 11.a4 Nxd4 12.Qxd4 e5 13.Qd2 exf4 14.Bxf4 Be6 15.Bd3 Nd7
16.Nd5  1/2-1/2

[Event "Open"]
[Site "Genova ITA"]
[Date "2006.08.10"]
[Round "4"]
[White "Di Paolo,R"]
[Black "Bertaglia,L"]
[Result "1-0"]
[WhiteElo "2334"]
[BlackElo "2031"]

1.e4 c5 2.Nf3 e6 3.d4 cxd4 4.Nxd4 Nc6 5.Nc3 Qc7 6.Be3 a6 7.Qd2 Nf6 8.f3 Bb4
9.a3 Ba5 10.Nb3 Bb6 11.Bxb6 Qxb6 12.Qd6 Qe3+ 13.Be2 b6 14.Rd1 Qg5 15.O-O Qe5
16.Qxe5 Nxe5 17.f4 Neg4  1-0

[Event "Ave-Kontakt Cup"]
[Site "Olomouc CZE"]
[Date "2006.08.10"]
[Round "11"]
[White "Firman,N"]
[Black "Litwak,A"]
[Result "1/2-1/2"]
[WhiteElo "2499"]
[BlackElo "2222"]

1.e4 c5 2.Nf3 e6 3.Nc3 Nc6 4.d4 cxd4 5.Nxd4 Nf6 6.Ndb5 Bb4 7.a3 Bxc3+ 8.Nxc3 d5
9.exd5 exd5 10.Bd3 O-O 11.O-O d4 12.Ne4 Bf5 13.Bg5 Bxe4 14.Bxe4 h6 15.Bh4 g5
16.Bxc6 bxc6 17.Bg3 Qd5 18.f3 Rfe8 19.Bf2 Rad8 20.Re1 c5 21.Rxe8+ Nxe8 22.Qe1 Ng7
23.Qa5 Ne6 24.Re1 Rd7 25.Qb5 Rb7 26.Qe8+ Kg7 27.Bg3 Nf4 28.h4 Ng6 29.h5 Nf4
30.Bxf4 gxf4 31.Re5 Qd6 32.b3 d3 33.cxd3 Rxb3 34.Rf5 Qe6 35.Qxe6 fxe6 36.Rxf4 Rxa3
37.Rg4+ Kf7 38.Rg6 Rxd3 39.Rxh6 Rd5 40.g4 Rg5 41.Kf2 a5 42.Ke3 a4 43.Kf4 Rg7
44.g5 a3 45.Rh8 Rg8 46.Rh7+ Rg7 47.Rh8 Rg8 48.g6+ Kf8 49.Rh7 Rg7 50.Rh8+ Rg8
51.Rh7 Rg7  1/2-1/2

[Event "FSIMB August"]
[Site "Budapest HUN"]
[Date "2006.08.11"]
[Round "7"]
[White "Farago,S"]
[Black "Hoolt,S"]
[Result "0-1"]
[WhiteElo "2275"]
[BlackElo "2122"]

1.e4 c5 2.Nf3 e6 3.d4 cxd4 4.Nxd4 Nc6 5.Nc3 Qc7 6.Be3 a6 7.Be2 b5 8.a3 Bb7
9.O-O Nf6 10.Nb3 Ne5 11.Nd2 d5 12.f4 Nc4 13.Nxc4 dxc4 14.Bf3 Be7 15.e5 Rd8
16.Qe1 Nd5 17.Bxd5 Bxd5 18.Rd1 Bb7 19.Qg3 g6 20.Ne2 Rxd1 21.Rxd1 O-O 22.Nd4 Rd8
23.c3 Bc5 24.f5 exf5 25.Bg5 Be7 26.Rf1 Be4 27.h4 h5 28.Bf4 Qc5 29.Be3 Qd5
30.Bg5 Qc5 31.e6 Re8 32.Kh2 Bd6 33.Bf4 Bxf4 34.Rxf4 Qe5 35.Qg5 Kg7 36.exf7 Kxf7
37.g4 hxg4 38.Qxg4 Qf6 39.Qg3 Bd3 40.Qf3 Qe5 41.h5 g5 42.Nxf5 Qxf4+ 43.Qxf4 gxf4
44.Nd6+ Ke7 45.Nxe8 Kxe8 46.Kh3 Be2  0-1

[Event "16th Open"]
[Site "Abu Dhabi UAE"]
[Date "2006.08.12"]
[Round "1"]
[White "Pourkashiyan,A"]
[Black "Potkin,V"]
[Result "0-1"]
[WhiteElo "2298"]
[BlackElo "2556"]

1.e4 c5 2.Nf3 e6 3.d4 cxd4 4.Nxd4 Nc6 5.Nc3 a6 6.Be2 d6 7.O-O Nf6 8.Be3 Bd7
9.f4 Be7 10.Kh1 O-O 11.Qe1 b5 12.a3 Qb8 13.Bd3 b4 14.Nce2 bxa3 15.Rxa3 Nb4
16.Rb3 a5 17.Ng3 Qc7 18.Rc3 Qb7 19.Qe2 a4 20.Bg1 g6 21.e5 Nfd5 22.Rc4 Nxd3
23.cxd3 Rab8 24.exd6 Bxd6 25.Ne4 Be7 26.Rc2 Rfc8 27.Rfc1 Nxf4 28.Qf3 Rxc2
29.Rxc2 Nd5 30.Ne2 Nb4 31.Rd2 f5 32.Nc5 Qxf3 33.gxf3 Bc6 34.Kg2 e5 35.Nc3 Ra8
36.d4 exd4 37.Bxd4 Kf7 38.Bf2 a3 39.bxa3 Rxa3 40.Bd4 Bxf3+ 41.Kf2 Bc6 42.Ne2 Bxc5
43.Bxc5 Nd3+  0-1